[Event "Londrina op"]
[Site "Londrina"]
[Date "2024.11.10"]
[Round "5"]
[White "Ogawa, Gustavo Kenji"]
[Black "Sano, Isis Kaori Vilas Bo"]
[Result "1-0"]
[WhiteElo "1824"]
[BlackElo "1771"]
[PlyCount "107"]
[EventDate "2024.11.08"]
[EventType "swiss"]
[EventRounds "6"]
[EventCountry "BRA"]
[SourceTitle "CB45_2024"]
[Source "ChessBase"]
[SourceDate "2024.11.06"]
[SourceVersion "1"]
[SourceVersionDate "2024.11.06"]
[SourceQuality "1"]

1. d4 d5 2. e3 Nf6 3. Bd3 g6 4. Nd2 Bg7 5. f4 0-0 6. Ngf3 Nc6 7. 0-0 Bg4 8. h3 Be6 9. Ne5 Nxe5 10. fxe5 Nd7 11. h4 a6 12. h5 g5 13. c3 c5 14. Qe2 c4 15. Bc2 b5 16. h6 Bh8 17. Qh5 f6 18. Nf3 Bf7 19. Qg4 Bg6 20. Bxg6 hxg6 21. exf6 exf6 22. e4 dxe4 23. Qxe4 Qe8 24. Qxe8 Raxe8 25. Kf2 Kh7 26. Rh1 Re7 27. Bd2 Rfe8 28. Rae1 Rxe1 29. Nxe1 Nb6 30. Nc2 Nd5 31. Ne3 Nxe3 32. Bxe3 a5 33. a3 b4 34. axb4 axb4 35. cxb4 Rb8 36. Bd2 Rd8 37. Bc3 f5 38. Kf3 Bxd4 39. Rd1 Kxh6 40. Rxd4 Rxd4 41. Bxd4 g4+ 42. Kg3 Kh7 43. b5 Kg8 44. b6 Kf7 45. b7 Ke6 46. b8Q Kd5 47. Qe5+ Kc6 48. Qc5+ Kd7 49. Qb6 Ke8 50. Qa7 Kd8 51. Kf4 Kc8 52. Ke5 Kd8 53. Kd6 Ke8 54. Qe7# 1-0